[Event "Luiz Rego Memorial"]
[Site "Teresina"]
[Date "2001.11.15"]
[Round "?"]
[White "Abreu Santos, Eudismar"]
[Black "Veras, Nonato"]
[Result "0-1"]
[WhiteElo "1823"]
[BlackElo "1955"]
[PlyCount "119"]
[EventDate "2001.11.09"]
[EventType "swiss"]
[EventRounds "7"]
[EventCountry "BRA"]
[SourceTitle "EXT 2003"]
[Source "ChessBase"]
[SourceDate "2002.11.25"]
[SourceVersion "1"]
[SourceVersionDate "2002.11.25"]
[SourceQuality "1"]

1. e4 d5 2. exd5 Nf6 3. d4 Qxd5 4. c4 Qe4+ 5. Be3 e6 6. Nc3 Bb4 7. Nf3 0-0 8. Bd3 Bxc3+ 9. bxc3 Qc6 10. 0-0 Nbd7 11. Re1 b6 12. Qc2 Bb7 13. Rad1 Qd6 14. h3 e5 15. d5 Rfe8 16. Ng5 h6 17. Ne4 Nxe4 18. Bxe4 Nf6 19. Bf5 c6 20. Qb3 cxd5 21. cxd5 Red8 22. c4 Bc8 23. Bc2 Bd7 24. Bc1 Rac8 25. Qg3 Rxc4 26. Bxh6 Nh5 27. Qg5 Re8 28. Bb3 Rc5 29. Qxh5 Qxh6 30. Rxe5 Qxh5 31. Rxh5 g6 32. Rh4 Kg7 33. Rf4 Re5 34. g4 Rc3 35. d6 f5 36. Kh2 Kf6 37. h4 Re8 38. g5+ Ke5 39. Rfd4 f4 40. Rd5+ Ke4 41. Re1+ Kf3 42. Rxe8 Kxf2 43. Rd2+ Kf1 44. Be6 Bxe8 45. d7 Bxd7 46. Bxd7 f3 47. Bg4 Ke1 48. Rd6 Kf1 49. Kg3 f2+ 50. Bf3 Kg1 51. Rd1+ f1Q 52. Rxf1+ Kxf1 53. h5 gxh5 54. g6 h4+ 55. Kg4 h3 56. g7 Rc8 57. Kg5 a5 58. Kg6 b5 59. Kh7 Kf2 60. Bd5 0-1

[Event "Luiz Rego Memorial"]
[Site "Teresina"]
[Date "2001.11.13"]
[Round "?"]
[White "Veras, Nonato"]
[Black "Bastos Neto, Werton"]
[Result "1/2-1/2"]
[WhiteElo "1955"]
[BlackElo "2137"]
[PlyCount "99"]
[EventDate "2001.11.09"]
[EventType "swiss"]
[EventRounds "7"]
[EventCountry "BRA"]
[SourceTitle "EXT 2003"]
[Source "ChessBase"]
[SourceDate "2002.11.25"]
[SourceVersion "1"]
[SourceVersionDate "2002.11.25"]
[SourceQuality "1"]

1. d4 Nf6 2. c4 e6 3. Nf3 Bb4+ 4. Bd2 Qe7 5. Qb3 a5 6. a3 Bxd2+ 7. Nbxd2 0-0 8. e3 d5 9. Be2 Nc6 10. 0-0 Rd8 11. Rac1 e5 12. dxe5 Nxe5 13. Nxe5 Qxe5 14. Nf3 Qe7 15. cxd5 Nxd5 16. Rfd1 c6 17. Rd4 Be6 18. Rcd1 Nf4 19. Rxd8+ Rxd8 20. Rxd8+ Qxd8 21. Qd1 Qxd1+ 22. Bxd1 Nd3 23. b3 c5 24. Kf1 f6 25. Nd2 b5 26. Be2 Nc1 27. Bxb5 Nxb3 28. Nxb3 Bxb3 29. Ke2 Kf7 30. Kd3 Ke7 31. Bc4 Ba4 32. Bg8 Bb5+ 33. Kc3 h6 34. g3 Kd6 35. Bh7 g5 36. Bg6 Kd5 37. Bc2 Be2 38. Kb3 c4+ 39. Kc3 Bf3 40. Bg6 Kc5 41. Bf7 Be2 42. Bg6 h5 43. Bf5 h4 44. Bg6 hxg3 45. hxg3 Bf3 46. Bf7 Be2 47. Be6 g4 48. Bf7 f5 49. Be6 Bd3 50. Bf7 1/2-1/2